000 00682nam a2200217 a 4500
001 85902
003 BD-RjUL
005 20251030151446.0
008 251030s1955 ii ||||| |||| 00| 0 ben d
035 _a(BD-RjUL)85902
040 _aBD-RjUL
_beng
_cBD-RjUL
041 _aben
082 _223
_a891.2
_bRAS 1955
100 _aরবীন্দ্রকুমার
_917262
245 _aশব্দার্থতত্ত্ব /
_cরবীন্দ্রকুমার
260 _aকলিতা :
_c১৯৫৫
300 _a২০৫ পৃ.;
_c১৯ সেমি.
650 _aসংস্কৃত ভাষা
650 _aSanskrit language
942 _2ddc
_cBK
999 _c85902
_d85902